000 00449nam a2200157 a 4500
005 20140412111303.0
008 001117s19uu xx 00 eng d
020 _a0-7214-1178-9
050 _aER
_bOp1
245 _aOpposites /
_cillustrated by Margaret Chamberlain.
260 _aUk :
_bLadybird Books,
_c1989.
300 _a1 v. (unp.)
440 _aLadybird Rhyme Books
650 _aEnglish language -- synonyms and antonyms
999 _c103524
_d103524